One Shot: Caribbean Islands Quiz Stats

 Plays Quiz Updated Aug 19, 2019

Score 0/7 Timer 03:00
0 Plays Today
☆ONE☆ ☆SHOT☆ % Correct
Can you rank these 5 Caribbean Islands in order of decreasing *area*? Each island has a corresponding number.???
100%
For example, if you think the ranking goes 'Cuba, Hispaniola, Guadeloupe, Trinidad, Jamaica'...???
99.8%
2 - Cuba???
27.4%
1 - Jamaica???
27.4%
3 - Hispaniola???
27.4%
4 - Guadeloupe???
27.4%
5 - Trinidad???
27.4%

You're not logged in!

Compare scores with friends on all Sporcle quizzes.
OR
Log In

Sporcle TV

Today on Sporcle TV


Watch our educational content, quiz creation guides, and fun videos on Sporcle TV.

Show Comments

Extras

Top Quizzes Today


Score Distribution

Your Account Isn't Verified!

In order to create a playlist on Sporcle, you need to verify the email address you used during registration. Go to your Sporcle Settings to finish the process.

Report this User

Report this user for behavior that violates our Community Guidelines.

Details: